[Event "HUN-ch U20"]
[Site "Szolnok"]
[Date "2024.04.04"]
[Round "7"]
[White "Jokai, Bence"]
[Black "Lehocz, Jozsef Jr"]
[Result "0-1"]
[WhiteElo "1750"]
[BlackElo "2143"]
[PlyCount "148"]
[EventDate "2024.03.31"]
[EventType "swiss"]
[EventRounds "9"]
[EventCountry "HUN"]
[SourceTitle "CB16_2024"]
[SourceDate "2024.04.17"]
[SourceVersion "1"]
[SourceVersionDate "2024.04.17"]
[SourceQuality "1"]

1. e4 c5 2. Nf3 d6 3. d4 cxd4 4. Nxd4 Nf6 5. Nc3 g6 6. Be3 Bg7 7. f3 0-0 8. Qd2 Nc6 9. g4 Be6 10. h4 d5 11. Nxe6 fxe6 12. 0-0-0 d4 13. Bxd4 Qxd4 14. Qxd4 Nxd4 15. Rxd4 Nxg4 16. Rd7 Nf2 17. Rg1 Rxf3 18. Bc4 Kf7 19. Rf1 Bxc3 20. bxc3 Rc8 21. Be2 Rf4 22. Rxb7 e5 23. Rxa7 Rxc3 24. Kb2 Nxe4 25. Ra4 Re3 26. Rxf4+ exf4 27. Bd3 Nd6 28. Rxf4+ Ke6 29. a4 Kd5 30. a5 e5 31. Rb4 e4 32. Bf1 Rf3 33. Bg2 Rf7 34. Kc3 Ra7 35. Rd4+ Ke5 36. Ra4 h6 37. Kb4 g5 38. Kc5 e3 39. Kb6 Nc8+ 40. Kc5 Nd6 41. Kb6 Nc8+ 42. Kc5 gxh4 43. Rxh4 Rxa5+ 44. Kb4 Ra2 45. Re4+ Kf5 46. Kb3 Nd6 47. Rxe3 Ra7 48. Rh3 Kg5 49. Bf3 Nf5 50. Bd1 Rb7+ 51. Kc3 Ng7 52. Rg3+ Kf6 53. Rh3 Kg5 54. Rg3+ Kf4 55. Rg6 h5 56. Rxg7 Rxg7 57. Bxh5 Ke5 58. Be2 Rb7 59. Bf1 Rb8 60. Be2 Kd5 61. Kd3 Kc5 62. Kc3 Rb4 63. Kd3 Ra4 64. Kc3 Ra3+ 65. Kd2 Kd4 66. Bd3 Rc3 67. Bg6 Rg3 68. Bd3 Rg2+ 69. Be2 Rh2 70. Ke1 Ke3 71. Kf1 Rf2+ 72. Ke1 Rxe2+ 73. Kd1 Rh2 74. Kc1 Kd4 0-1

[Event "HUN-ch U20"]
[Site "Szolnok"]
[Date "2024.04.03"]
[Round "4"]
[White "Lehocz, Jozsef Jr"]
[Black "Sinoros Szabo, Daniel"]
[Result "1-0"]
[WhiteElo "2143"]
[BlackElo "1971"]
[PlyCount "73"]
[EventDate "2024.03.31"]
[EventType "swiss"]
[EventRounds "9"]
[EventCountry "HUN"]
[SourceTitle "CB16_2024"]
[SourceDate "2024.04.17"]
[SourceVersion "1"]
[SourceVersionDate "2024.04.17"]
[SourceQuality "1"]

1. b3 e5 2. Bb2 Nc6 3. e3 Nf6 4. Bb5 e4 5. d4 a6 6. Bxc6 dxc6 7. c4 Bd6 8. Nc3 c5 9. dxc5 Bxc5 10. Qxd8+ Kxd8 11. 0-0-0+ Ke7 12. Nd5+ Nxd5 13. Rxd5 b6 14. Ne2 f6 15. Ng3 Bd6 16. Nxe4 Bb7 17. Nxd6 Bxd5 18. Nf5+ Ke6 19. Nd4+ Kd6 20. cxd5 Kxd5 21. Rd1 Rhg8 22. f3 c5 23. Nf5+ Ke6 24. e4 Rad8 25. Nxg7+ Kf7 26. Rxd8 Rxd8 27. Nh5 Kg6 28. Nxf6 h5 29. Nd5 h4 30. Nf4+ Kf7 31. g4 hxg3 32. hxg3 b5 33. Kc2 a5 34. g4 b4 35. Nd3 Rc8 36. f4 Ke7 37. Ne5 1-0

[Event "HUN-ch U20"]
[Site "Szolnok"]
[Date "2024.04.02"]
[Round "3"]
[White "Bod, Marton"]
[Black "Lehocz, Jozsef Jr"]
[Result "0-1"]
[WhiteElo "1870"]
[BlackElo "2143"]
[PlyCount "116"]
[EventDate "2024.03.31"]
[EventType "swiss"]
[EventRounds "9"]
[EventCountry "HUN"]
[SourceTitle "CB16_2024"]
[SourceDate "2024.04.17"]
[SourceVersion "1"]
[SourceVersionDate "2024.04.17"]
[SourceQuality "1"]

1. e4 c5 2. Nf3 e6 3. d4 cxd4 4. Nxd4 Nf6 5. Nc3 Qb6 6. Nb3 Bb4 7. Bd3 Bxc3+ 8. bxc3 d6 9. 0-0 Nbd7 10. Kh1 0-0 11. Ba3 e5 12. Qd2 Qc6 13. f3 Nc5 14. Nxc5 dxc5 15. Qg5 Re8 16. Rab1 c4 17. Be2 h6 18. Qe3 Be6 19. Qc5 Qxc5 20. Bxc5 b6 21. Bf2 Red8 22. Rfd1 Kf8 23. Kg1 Ke7 24. a4 Rxd1+ 25. Rxd1 Rd8 26. Rxd8 Kxd8 27. Bg3 Nd7 28. Kf1 f6 29. Ke1 Kc7 30. Bf2 Kb7 31. a5 bxa5 32. Kd1 Nb6 33. Kc1 Na4 34. Be1 Kc6 35. Kb1 Kb5 36. Ka2 Nc5 37. Ka3 f5 38. exf5 Bxf5 39. Bg3 e4 40. Be5 g6 41. f4 h5 42. h3 h4 43. Bd4 Ne6 44. Be3 Nc7 45. Bd4 Nd5 46. Bf1 a6 47. Bf2 Nxf4 48. g4 Bc8 49. Bg1 Be6 50. Bd4 Bd5 51. g5 Be6 52. Be3 Bxh3 53. Bxh3 Nxh3 54. Ka2 Nxg5 55. Bxg5 h3 56. Bf4 g5 57. Bg3 e3 58. Kb1 e2 0-1

[Event "Tapolca Olympic Hopes"]
[Site "Tapolca"]
[Date "2021.06.24"]
[Round "2"]
[White "Giang, Tran Nam"]
[Black "Lehocz, Jozsef Jr"]
[Result "1-0"]
[WhiteElo "2022"]
[BlackElo "1724"]
[PlyCount "97"]
[EventDate "2021.06.24"]
[EventType "swiss"]
[EventRounds "7"]
[EventCountry "HUN"]
[SourceTitle "CBM 203 Extra"]
[Source "ChessBase"]
[SourceDate "2021.09.30"]
[SourceVersion "1"]
[SourceVersionDate "2021.09.30"]
[SourceQuality "1"]

1. e4 c5 2. Nf3 d6 3. d4 cxd4 4. Nxd4 Nf6 5. Nc3 Nc6 6. Bg5 e6 7. Qd2 a6 8. 0-0-0 Bd7 9. f4 Qb6 10. Nf3 Be7 11. e5 Ng4 12. Bxe7 Nxe7 13. Qxd6 Qxd6 14. Rxd6 0-0-0 15. Be2 h6 16. h3 Ne3 17. Rg1 Bc6 18. Rd3 N3d5 19. Nxd5 Rxd5 20. Rgd1 Rhd8 21. c4 R5d7 22. Rxd7 Rxd7 23. Rxd7 Kxd7 24. Kd2 Nf5 25. g4 Ng3 26. Ke3 Nxe2 27. Kxe2 b6 28. Ke3 Bb7 29. Ne1 Bh1 30. Kd4 Kc6 31. Nd3 a5 32. b3 h5 33. gxh5 Bf3 34. h6 gxh6 35. Nf2 Bh5 36. a3 Bg6 37. b4 axb4 38. axb4 Bf5 39. h4 Bc2 40. Ng4 h5 41. Nf6 Bg6 42. b5+ Kc7 43. c5 bxc5+ 44. Kxc5 Kc8 45. Kc6 Bd3 46. Nxh5 Be4+ 47. Kc5 Kc7 48. Nf6 Bd3 49. h5 1-0

[Event "Budapest Vezerkepzo FM 5th"]
[Site "Budapest"]
[Date "2021.05.30"]
[Round "9.1"]
[White "Lehocz, Jozsef"]
[Black "Lehocz, Jozsef Jr"]
[Result "1/2-1/2"]
[WhiteElo "1940"]
[BlackElo "1724"]
[PlyCount "30"]
[EventDate "2021.05.22"]
[EventType "schev"]
[EventRounds "10"]
[EventCountry "HUN"]
[SourceTitle "EXT 2022"]
[Source "ChessBase"]
[SourceDate "2021.10.06"]
[SourceVersion "1"]
[SourceVersionDate "2021.10.06"]
[SourceQuality "1"]
[WhiteTeam "Adults"]
[BlackTeam "Youth"]
[WhiteTeamCountry "HUN"]
[BlackTeamCountry "HUN"]

1. e4 c5 2. d4 cxd4 3. c3 Nf6 4. e5 Nd5 5. cxd4 Nc6 6. f4 d6 7. Nf3 dxe5 8. fxe5 Bg4 9. Bb5 Qb6 10. Bxc6+ bxc6 11. 0-0 e6 12. Nc3 Bb4 13. Ne4 0-0 14. a3 Be7 15. Qc2 Rac8 1/2-1/2

[Event "Budapest Vezerkepzo FM 5th"]
[Site "Budapest"]
[Date "2021.05.23"]
[Round "2.1"]
[White "Lehocz, Jozsef Jr"]
[Black "Farago, Sandor"]
[Result "1/2-1/2"]
[WhiteElo "1724"]
[BlackElo "2149"]
[PlyCount "109"]
[EventDate "2021.05.22"]
[EventType "schev"]
[EventRounds "10"]
[EventCountry "HUN"]
[SourceTitle "EXT 2022"]
[Source "ChessBase"]
[SourceDate "2021.10.06"]
[SourceVersion "1"]
[SourceVersionDate "2021.10.06"]
[SourceQuality "1"]
[WhiteTeam "Youth"]
[BlackTeam "Adults"]
[WhiteTeamCountry "HUN"]
[BlackTeamCountry "HUN"]

1. e4 c5 2. d4 cxd4 3. c3 dxc3 4. Nxc3 Nc6 5. Nf3 e6 6. Bc4 a6 7. 0-0 b5 8. Bb3 b4 9. Nd5 Bc5 10. Be3 Bxe3 11. Nxe3 Nge7 12. Nc4 d5 13. exd5 exd5 14. Nce5 Nxe5 15. Nxe5 0-0 16. Qf3 Qd6 17. Rfe1 Be6 18. Rad1 Rac8 19. Nd3 Ng6 20. Rd2 a5 21. h3 Rfd8 22. Red1 h6 23. Qe3 d4 24. Qe4 Bxb3 25. axb3 Qd5 26. Qxd5 Rxd5 27. g3 f5 28. Kg2 Kf7 29. f4 Kf6 30. Ne1 Re8 31. Nf3 d3 32. Kf2 Red8 33. Ke3 Ke6 34. Rxd3 Rxd3+ 35. Rxd3 Rxd3+ 36. Kxd3 Kd5 37. Nd2 Ne7 38. Nc4 Nc6 39. Ne3+ Ke6 40. Kc4 g5 41. Kb5 Nd4+ 42. Kxa5 Ne2 43. fxg5 hxg5 44. Nf1 f4 45. gxf4 Nxf4 46. Kxb4 Nxh3 47. Nh2 Nf4 48. Kc4 Ng6 49. b4 Ne5+ 50. Kd4 g4 51. Nxg4 Nxg4 52. b5 Kd6 53. b4 Ne5 54. b6 Nd7 55. Kc4 1/2-1/2

[Event "HUN--chT U12"]
[Site "Budapest"]
[Date "2019.10.28"]
[Round "5.2"]
[White "Lehocz, Jozsef Jr"]
[Black "Foldes, Marton Gabor"]
[Result "1/2-1/2"]
[WhiteElo "1447"]
[BlackElo "1755"]
[PlyCount "32"]
[EventDate "2019.10.26"]
[EventType "team-swiss"]
[EventRounds "7"]
[EventCountry "HUN"]
[SourceTitle "CBM 192 Extra"]
[Source "Chessbase"]
[SourceDate "2019.11.06"]
[SourceVersion "1"]
[SourceVersionDate "2019.11.06"]
[SourceQuality "1"]
[WhiteTeam "Kobanya Aquarena II"]
[BlackTeam "Kobanya Aquarena"]
[WhiteTeamCountry "HUN"]
[BlackTeamCountry "HUN"]

1. b3 e5 2. Bb2 Nc6 3. e3 d6 4. Bb5 Bd7 5. Nf3 Nge7 6. d4 exd4 7. exd4 d5 8. 0-0 g6 9. Re1 Bg7 10. Bxc6 bxc6 11. Nbd2 0-0 12. Ne5 f6 13. Nd3 Re8 14. Nc5 Nf5 15. Nf3 Nd6 16. Nd2 Bh6 1/2-1/2